Catálogo público

Enciclopedia de las plagas y enfermedades de las plantas / (Record no. 208282)

MARC details
000 -CABECERA
campo de control de longitud fija 00722nam a2200265Ia 4500
001 - NÚMERO DE CONTROL
campo de control Para_9609
003 - IDENTIFICADOR DEL NÚMERO DE CONTROL
campo de control CHAP
008 - DATOS DE LONGITUD FIJA--INFORMACIÓN GENERAL
campo de control de longitud fija 220125s2002 xx 000 0 und d
010 ## - NÚMERO DE CONTROL DE LA BIBLIOTECA DEL CONGRESO
Número de control de LC 208282
040 ## - FUENTE DE LA CATALOGACIÓN
Centro/agencia transcriptor CHAP
082 ## - NÚMERO DE LA CLASIFICACIÓN DECIMAL DEWEY
Número de clasificación PA 632.03 G81
100 ## - ENTRADA PRINCIPAL--NOMBRE DE PERSONA
Nombre de persona Greenwood, Pippa
9 (RLIN) 174601
245 ## - MENCIÓN DE TÍTULO
Título Enciclopedia de las plagas y enfermedades de las plantas /
Mención de responsabilidad, etc. Pippa Greenwood y Andrew Halstead
260 ## - PUBLICACIÓN, DISTRIBUCIÓN, ETC.
Lugar de publicación, distribución, etc. España :
Nombre del editor, distribuidor, etc. Blume
300 ## - DESCRIPCIÓN FÍSICA
Extensión 223 p.
650 ## - PUNTO DE ACCESO ADICIONAL DE MATERIA--TÉRMINO DE MATERIA
Término de materia o nombre geográfico como elemento de entrada Control de plagas
9 (RLIN) 27595
700 ## - PUNTO DE ACCESO ADICIONAL--NOMBRE DE PERSONA
Nombre de persona Halstead, Andrew
9 (RLIN) 52391
901 ## - ELEMENTOS DE DATOS A LOCAL LDA (RLIN)
a PA 632.03 G81
902 ## - ELEMENTOS DE DATOS B LOCAL, LDB (RLIN)
a M
905 ## - ELEMENTOS DE DATOS E LOCAL, LDE (RLIN)
a 5231272002 sp a 8182223322spa11
910 ## - DATOS DE OPCIÓN DEL USUARIO (OCLC)
Datos de opción del usuario 2002
942 ## - ELEMENTOS DE PUNTO DE ACCESO ADICIONAL (KOHA)
Tipo de ítem Koha Parasitologia_
942 ## - ELEMENTOS DE PUNTO DE ACCESO ADICIONAL (KOHA)
Tipo de ítem Koha Parasitologia_
-- 1
Holdings
Estado de retiro Estado de pérdida Fuente del sistema de clasificación o colocación Estado dañado Restricciones de uso No para préstamo Código de colección Localización permanente Ubicación/localización actual Fecha de adquisición Número de inventario Total de préstamos Signatura topográfica completa Código de barras Fecha visto por última vez Número de copia Precio válido a partir de Tipo de ítem Koha Nota pública
    Dewey Decimal Classification   Préstamo 5 días   General Parasitologia Agricola Parasitologia Agricola 28/01/2011 (PA_09607) (No. UACh C/E)   PA 632.03 G81 4102001893 25/01/2022 Ej.1 25/01/2022 Libro 3